000 00377nam a2200145Ia 4500
008 240624s9999 xx 000 0 und d
041 _aeng
082 _a302.35 QUI
100 _aQUICK JAMES CAMPBELL
245 _aORGANIZATIONAL BEHAVIOR
250 _a(7th ed.)
260 _c2014
_aNew Delhi
_bCengage Learning
300 _axxxiii, : 787 : p. : cm. ; 26
365 _cRS
_b31
999 _c25075
_d25075